00501 2200181 4500001002100000005001500021008004100036020001800077035001900095041000700114082001000121090001600131100001400147245008700161260004100248300001900289650001100308INLIS00000000001511620241224114855241224||||||||| | ||| |||| || |  a979-444-387-5 0010-1224015116 aid0 a531.5 a531.5 VAN g0 aVANCLEAVE00aGRAVITAS: Berbagai Percobaan Menakjubkan yang Dapat Dijadikan proyek pameran sains aJakartabPustaka Utama Grafitic2007 a102hlm;17x25cm 0aFisika